| 000 | 00431nab a2200145Ia 4500 | ||
|---|---|---|---|
| 003 | ES-SlBCS | ||
| 005 | 20210601135845.0 | ||
| 008 | 140529s1989 xxu||||| |||| 00| 0 spa d | ||
| 041 | _aspa | ||
| 100 | 1 |
_aUnciti, Manuel de _94506 |
|
| 245 | 0 | 0 |
_aEncarnación de la solidaridad en la Iglesia misionera _c Manuel de Unciti |
| 650 | 4 |
_aIglesia Misionera _9188268 |
|
| 773 | 0 |
_tConfer _gvol. 28, 1989, págs. 65-74 _wRev135 |
|
| 942 | _cAR | ||
| 999 |
_c635299 _d635299 |
||